Amtrak Station Codes - Very Hard - Statistics

General Stats
  • This quiz has been taken 17 times
  • The average score is 5 of 15
Answer Stats
Hint Answer % Correct
GLN Glenview
57%
CVS Charlottesville
50%
CRT Croton-Harmon
43%
DUN Dunsmuir
43%
SDL Slidell
43%
LMR Lamar
36%
MTP Mount Pleasant
36%
SNS Salinas
36%
BRA Brattleboro
29%
CWH Cornwells Heights
29%
DQN Du Quoin
29%
POS Pomona
21%
LVW Longview
14%
WPT Wolf Point
14%
TRK Denair
7%
No matching quizzes found
Score Distribution
Percent of People with Each Score
Percentile by Number Answered
Your Score History
You have not taken this quiz